00289nam a2200121Ia 4500008004100000100003400041245001900075260002300094300000900117650001900126942000700145999001500152190216s9999||||xx |||||||||||||| ||und|| aRuddar Dutt And Sundharam Kpm 0aIndian Economy bS Chand & Coc1977 a723p aIndian Economy cBK c9652d9652